000 00619nam a2200205 i 4500
001 141353
003 ES-MaACL
005 20230906200257.0
007 t|
008 070921s1901 it ||||1| ita d
100 1 _aVillari, Pasquale.
_9115122
245 1 3 _aLe invasioni barbariche in Italia
_b: con tre carta /
_cdi Pasquale Villari.
260 _aMilano :
_bUlrico Hoepli,
_c1901.
300 _aXIII, 480 p. ;
_c19 cm.
490 1 _aCollezione storica Villari
651 4 _aItalia-
_xHistoria.
_98866
830 0 _aCollezione storica Villari
_9187206
852 _aES-MaACL
_jG-1602
999 _c141353
_d141353